01203nam a2200265Ia 450000100060000000300090000600800410001504000130005604000130006904100130008210000180009510000280011324000310014124000350017224500580020724500580026525000110032326000100033426000110034426000490035530000430040450004160044765000430086365000310090637976IT-RoPAU130308s9999 xx 000 0 und d aIT-RoPAU cIT-RoPAU aFRANCESE aToffler Alvin gCodice Aut. SPICS: 711 aADAPTIVE CORPORATION (THE) gCodice Tit. Orig. Spics: T0087 aS'adapter ou perir-L'entreprise face au choc du futur bS'Adapter Ou Perir-L'Entreprise Face Au Choc Du Futur a1a ed. aPARIS bDenoel c1986 [1° Ed.:1986 - Ed.Ling.Originale:1985] a"214 p. (prefazione: no ; testo: 214)" aImpresa di Fronte Allo Choc del futuro Adattarsi o Perire Theodore Vail Destandardizzazione Politica del telefono Rosa mercato super Industriale della Comunicazione scalata dell'innovazione Strategia della Sorpresa Modello di super Industrialismo Struttura di domani Problemi Organizzativi progetto per Un'Impresa super Industriale Funzioni Modulari e Funzioni Quadro strategie Alternative per la Partecipazione aSOCIOLOGIA DELLA COMUNICAZIONE SOCIALE eCodice materia Spics: 3806